Ανάκτηση φωτογραφικών αναπαραγωγών έργων τέχνης : διατριβή εξειδίκευσης

Αποθηκεύτηκε σε:
Λεπτομέρειες βιβλιογραφικής εγγραφής
Κύριος συγγραφέας: Ταβαντζής, Μιχάλης
Συγγραφή απο Οργανισμό/Αρχή: Πανεπιστήμιο Αιγαίου. Σχολή Κοινωνικών Επιστημών. Τμήμα Πολιτισμικής Τεχνολογίας και Επικοινωνίας. Πρόγραμμα Μεταπτυχιακών Σπουδών Πολιτισμική Πληροφορική και Επικοινωνία
Μορφή: Thesis Βιβλίο
Γλώσσα:Greek
Δημοσίευση: 2009.
Θέματα:
Διαθέσιμο Online:http://hdl.handle.net/11610/16430
Ετικέτες: Προσθήκη ετικέτας
Δεν υπάρχουν, Καταχωρήστε ετικέτα πρώτοι!

MARC

LEADER 00000cam a2200000 i 4500
001 1/1655
008 090922s2009 gr | ||| |||| ||gre||
035 |l 10105679 
040 |a GR-MyUa  |b gre  |e AACR2 
041 0 |a gre 
082 7 |a 752   |2 (22) 
100 1 |a Ταβαντζής, Μιχάλης. 
245 1 0 |a Ανάκτηση φωτογραφικών αναπαραγωγών έργων τέχνης :   |b διατριβή εξειδίκευσης /   |c Ταβαντζής Μιχάλης ; [επιβλέπων καθηγητής: Τσεκούρας Γεώγιος]. 
260 |c 2009. 
300 |a [70 σ.] ;   |c 30 εκ. 
502 |a Διατριβή (μεταπτυχιακή) – Πανεπιστήμιο Αιγαίου, Λέσβος, 2009. 
650 0 0 |a Color in art. 
650 0 0 |a Technology in art. 
650 0 0 |a Image processing  |x Digital techniques  |x Mathematical models. 
650 0 0 |a Image analysis  |x Mathematical models. 
650 0 0 |a Dissertations, Academic  |z Greece. 
700 1 |a Τσεκούρας, Γεώργιος,  |e dgs 
710 2 |a Πανεπιστήμιο Αιγαίου.   |b Σχολή Κοινωνικών Επιστημών.   |b Τμήμα Πολιτισμικής Τεχνολογίας και Επικοινωνίας.   |b Πρόγραμμα Μεταπτυχιακών Σπουδών Πολιτισμική Πληροφορική και Επικοινωνία. 
852 |a INST  |b LESVOS  |c DIATR  |e 20090922  |h 253  |p 005100046498  |q 005100046498  |t MTXE  |y 23 
852 |a INST  |b LESVOS  |c DIATR  |e 20090922  |h 254  |p 005100046499  |q 005100046499  |t MTXE  |y 23 
856 |u http://hdl.handle.net/11610/16430 
901 |a BIBL1-2009-3 
924 |a Ταβαντζής  |b Μιχάλης  |y Λέσβος-ΤΩΘΒ  |z 2009-03 
970 |a ΤΖΑΦΕΡΗ  |b ΕΥΑΓΓΕΛΙΑ  |z 2009/09/22